[Event "EGY-chT"]
[Site "Egypt"]
[Date "2016.05.07"]
[Round "3.4"]
[White "Sarwat, Walaa"]
[Black "Saiid, Aly"]
[Result "1-0"]
[WhiteElo "2339"]
[BlackElo "1910"]
[PlyCount "57"]
[EventDate "2016.05.05"]
[EventType "team-tourn"]
[EventRounds "9"]
[EventCountry "EGY"]
[SourceTitle "CBM 172 Extra"]
[Source "ChessBase"]
[SourceDate "2016.06.21"]
[SourceVersion "1"]
[SourceVersionDate "2016.06.21"]
[SourceQuality "1"]
[WhiteTeam "Elhawar"]
[BlackTeam "Elsharkia Zagazig"]
[WhiteTeamCountry "EGY"]
[BlackTeamCountry "EGY"]

1. e4 g6 2. d4 d6 3. Nf3 Bg7 4. Nc3 Nf6 5. Be3 Nc6 6. Qd2 Ng4 7. Bg5 f6 8. Bh4 e5 9. h3 exd4 10. Nxd4 Bh6 11. f4 Nge5 12. Nd5 0-0 13. Nb5 Rf7 14. Bf2 a6 15. Nbxc7 Rb8 16. Be3 Nd7 17. Ne6 Qe8 18. Ndc7 Qe7 19. Bc4 f5 20. Ng5 Bxg5 21. Bxf7+ Kxf7 22. Qd5+ Kf8 23. Ne6+ Ke8 24. fxg5 Nde5 25. Nf4 Nb4 26. Qb3 Nec6 27. a3 Qxe4 28. axb4 Nd4 29. Qg8+ 1-0

[Event "EGY-chT"]
[Site "Egypt"]
[Date "2016.05.05"]
[Round "1.4"]
[White "Nader, Mohamed"]
[Black "Saiid, Aly"]
[Result "1-0"]
[WhiteElo "2171"]
[BlackElo "1910"]
[PlyCount "118"]
[EventDate "2016.05.05"]
[EventType "team-tourn"]
[EventRounds "9"]
[EventCountry "EGY"]
[SourceTitle "CBM 172 Extra"]
[Source "ChessBase"]
[SourceDate "2016.06.21"]
[SourceVersion "1"]
[SourceVersionDate "2016.06.21"]
[SourceQuality "1"]
[WhiteTeam "Hawamdia"]
[BlackTeam "Elsharkia Zagazig"]
[WhiteTeamCountry "EGY"]
[BlackTeamCountry "EGY"]

1. d4 g6 2. Nf3 Bg7 3. c4 d6 4. Nc3 Nf6 5. e3 0-0 6. Be2 Nc6 7. 0-0 e5 8. d5 Ne7 9. b4 Ne8 10. Qb3 f5 11. c5 Kh8 12. Rd1 a6 13. Ba3 h6 14. b5 g5 15. b6 g4 16. bxc7 Qxc7 17. cxd6 Nxd6 18. Nd2 b5 19. Rac1 Qd7 20. e4 h5 21. Bxd6 Qxd6 22. a4 bxa4 23. Nxa4 Rb8 24. Nc4 Rxb3 25. Nxd6 fxe4 26. Nxc8 Nxc8 27. d6 Bf6 28. d7 Na7 29. Rd6 Bg5 30. Rcd1 Rbb8 31. Rg6 Be7 32. Re6 Bd8 33. Rxe5 Nb5 34. Rxh5+ Kg7 35. Bxb5 axb5 36. Nc5 Kg6 37. Re5 b4 38. Re8 Kf7 39. Rxe4 b3 40. Rf4+ Bf6 41. Ne4 b2 42. Rxf6+ Kg7 43. Rxf8 b1Q 44. d8Q Rxd8 45. Rxb1 Rxf8 46. g3 Kg6 47. Rb5 Ra8 48. Rg5+ Kh6 49. Rxg4 Kh5 50. Rf4 Ra2 51. Kg2 Ra3 52. g4+ Kh4 53. g5+ Kh5 54. h4 Ra1 55. Ng3+ Kg6 56. Rf6+ Kh7 57. g6+ Kg8 58. h5 Kh8 59. h6 Ra7 1-0